Normal view
MARC view
- جمعية الحديث الشريف وإحياء التراث(حديث)
Entry Personal Name
001 - CONTROL NUMBER
- control field: 21110
003 - CONTROL NUMBER IDENTIFIER
- control field: JO-AjAnu
005 - DATE AND TIME OF LATEST TRANSACTION
- control field: 20230606073649.0
008 - FIXED-LENGTH DATA ELEMENTS
- fixed length control field: 230606|| aca||aabn | a|a d
040 ## - CATALOGING SOURCE
- Original cataloging agency: JO-AjAnu
- Transcribing agency: JO-AjAnu
100 ## - HEADING--PERSONAL NAME
- Personal name: جمعية الحديث الشريف وإحياء التراث(حديث)
670 ## - SOURCE DATA FOUND
- Source citation: Work cat.: (JO-AjAnu)10847: جمعية الحديث الشريف وإحياء التراث(حديث), author, تلخيص الأبحاث المنشورة في المجلات العلمية المحكمة في الجامعات الأردنية حتى 1420 هجري- 2000 م( الحديث وعلومه)